| 000 | 00854nam a2200253 a 4500 | ||
|---|---|---|---|
| 001 | 000041576 | ||
| 005 | 20250520113530.0 | ||
| 008 | 131011s1990 mx ac 001 0 spa d | ||
| 020 | _a9682431646 | ||
| 040 |
_aDO-SdBNP _bspa _cBNPHU |
||
| 082 |
_a150 _bG315f, 1990 |
||
| 100 | 1 |
_aGeldard, Frank _968334 |
|
| 240 | 1 | 0 |
_aFundamental of psychology _lspa |
| 245 | 1 | 0 |
_aFundamentos de psicología / _cFrank Arthur Geldard ; traducción Luis Lara Tapia. |
| 250 | _a2a ed. | ||
| 260 |
_aMéxico : _bTrillas, _c1990. |
||
| 300 |
_a496 p. : _bil., retrs. ; _c25 cm. |
||
| 500 | _aTraducción de: Fundamental of psychology. | ||
| 500 | _aLa biblioteca posee la segunda reimpresión, enero 1995. | ||
| 504 | _aBibliografía: p. 473-481 | ||
| 650 | 0 |
_aPsicología _9152 |
|
| 700 | 1 | 2 |
_aLara Tapia, Luis _etr. _968335 |
| 910 | _aValidado. Control de calidad MFF | ||
| 999 |
_c41066 _d41066 |
||